[Event "Zlatni Rat op 2nd"]
[Site "Bol"]
[Date "2011.09.13"]
[Round "5"]
[White "Bogacov, Alexei"]
[Black "Milicic, Djuro"]
[Result "1-0"]
[WhiteElo "2052"]
[BlackElo "1482"]
[PlyCount "41"]
[EventDate "2011.09.10"]
[EventType "swiss"]
[EventRounds "9"]
[EventCountry "CRO"]
[SourceTitle "CBM 144 Extra"]
[Source "ChessBase"]
[SourceDate "2011.10.28"]
[SourceVersion "1"]
[SourceVersionDate "2011.10.28"]
[SourceQuality "1"]

1. e4 c5 2. Nf3 d6 3. c3 Nc6 4. d4 cxd4 5. cxd4 Bg4 6. Bc4 e6 7. d5 exd5 8. exd5 Ne5 9. Bb5+ Bd7 10. Bxd7+ Nxd7 11. 0-0 Be7 12. Re1 Ngf6 13. Qe2 h6 14. Bf4 Nb6 15. Nc3 a6 16. Rad1 Rc8 17. a4 Rc7 18. Be3 Nc4 19. Bd4 0-0 20. b3 Re8 21. bxc4 1-0

[Event "Geller Memorial op-B 7th"]
[Site "Odessa"]
[Date "2011.08.21"]
[Round "2"]
[White "Tribuntsov, Vladimir"]
[Black "Bogacov, Alexei"]
[Result "0-1"]
[WhiteElo "2031"]
[BlackElo "2134"]
[PlyCount "82"]
[EventDate "2011.08.20"]
[EventType "swiss"]
[EventRounds "9"]
[EventCountry "UKR"]
[SourceTitle "EXT 2014"]
[Source "ChessBase"]
[SourceDate "2013.11.20"]
[SourceVersion "1"]
[SourceVersionDate "2013.11.20"]
[SourceQuality "1"]

1. d4 Nf6 2. Nf3 e6 3. c4 b6 4. g3 Bb7 5. Bg2 Bb4+ 6. Bd2 Qe7 7. 0-0 Bxd2 8. Nbxd2 0-0 9. Qc2 d6 10. e4 Nbd7 11. Rfe1 e5 12. d5 c6 13. Nh4 g6 14. Qd3 Nc5 15. Qe3 cxd5 16. exd5 Ng4 17. Qe2 f5 18. b4 Nd7 19. h3 Nh6 20. Nhf3 Qf6 21. Qe3 Kg7 22. Ng5 Rae8 23. Ne6+ Rxe6 24. dxe6 Bxg2 25. Kxg2 Qxe6 26. Rad1 f4 27. gxf4 Nf5 28. Qd3 Nh4+ 29. Kh2 Rxf4 30. Qg3 Qf5 31. Re2 Nf6 32. Rf1 Nh5 33. Qg1 Rxc4 34. f4 Rxf4 35. Ref2 Qd3 36. Rxf4 exf4 37. Qf2 Ng3 38. Re1 Qxd2 39. Re7+ Kf6 40. Qxd2 Nf3+ 41. Kg2 Nxd2 0-1

[Event "Ptuj op"]
[Site "Ptuj"]
[Date "2009.08.08"]
[Round "8"]
[White "Krumpacnik, Domen"]
[Black "Bogacov, Alexei"]
[Result "1/2-1/2"]
[WhiteElo "2361"]
[BlackElo "2096"]
[PlyCount "98"]
[EventDate "2009.08.02"]
[EventType "swiss"]
[EventRounds "9"]
[EventCountry "SLO"]
[SourceTitle "CBM 131 Extra"]
[Source "ChessBase"]
[SourceDate "2009.09.03"]
[SourceVersion "2"]
[SourceVersionDate "2009.09.16"]
[SourceQuality "1"]

1. d4 e6 2. Nf3 f5 3. Bg5 Be7 4. Bxe7 Qxe7 5. Nbd2 Nf6 6. c4 b6 7. g3 Bb7 8. Bg2 0-0 9. 0-0 d6 10. Qc2 g6 11. Nh4 Bxg2 12. Nxg2 c5 13. dxc5 dxc5 14. e4 Nc6 15. exf5 Nd4 16. Qd3 exf5 17. Rfe1 Qb7 18. Nf4 Rfe8 19. Ne2 Rxe2 20. Rxe2 Nxe2+ 21. Qxe2 Re8 22. Qd3 Qe7 23. Nf3 Qe2 24. Qb3 Ne4 25. Qe3 Nxg3 26. Qxe2 Nxe2+ 27. Kf1 Nf4 28. Rd1 Re7 29. Ne1 Kg7 30. Rd6 Kh6 31. a4 Re4 32. b3 Rd4 33. Rxd4 cxd4 34. Nf3 Ne6 35. b4 g5 36. Ne5 a5 37. bxa5 bxa5 38. Nc6 d3 39. Ke1 Nc5 40. Nxa5 Nxa4 41. Nb3 Kh5 42. c5 Kh4 43. c6 Nb6 44. Nd4 f4 45. Nf3+ Kg4 46. Ng1 f3 47. Kd2 Nc4+ 48. Kxd3 Ne5+ 49. Ke4 Nxc6 1/2-1/2

[Event "Omis op"]
[Site "Omis"]
[Date "2005.10.13"]
[Round "5"]
[White "Bogacov, Alexei"]
[Black "Zelic, Mladen"]
[Result "0-1"]
[WhiteElo "2117"]
[BlackElo "2249"]
[PlyCount "64"]
[EventDate "2005.10.10"]
[EventType "swiss"]
[EventRounds "9"]
[EventCountry "CRO"]
[SourceTitle "CBM 108 Extra"]
[Source "ChessBase"]
[SourceDate "2005.11.04"]
[SourceVersion "1"]
[SourceVersionDate "2005.11.04"]
[SourceQuality "1"]

1. e4 e5 2. Nf3 Nc6 3. d4 exd4 4. Nxd4 Bc5 5. Be3 Qf6 6. c3 Qg6 7. Nd2 Nf6 8. Nf5 Bxe3 9. Nxe3 0-0 10. Qc2 d5 11. exd5 Qxc2 12. Nxc2 Re8+ 13. Ne3 Nxd5 14. Ndc4 Bg4 15. h3 Bh5 16. g4 Bg6 17. 0-0-0 Nf4 18. Nf5 Rad8 19. Nce3 Rxd1+ 20. Kxd1 Ne5 21. Kc2 h5 22. gxh5 Bxh5 23. h4 Bg6 24. Rg1 Nf3 25. Rg4 Nd5 26. Rxg6 Nxe3+ 27. Nxe3 fxg6 28. Bc4+ Kh7 29. Bd5 Nxh4 30. Bxb7 Nf5 31. Kd3 Nxe3 32. fxe3 Rb8 0-1

[Event "Omis op"]
[Site "Omis"]
[Date "2005.10.11"]
[Round "2"]
[White "Batinic, Josip"]
[Black "Bogacov, Alexei"]
[Result "1-0"]
[WhiteElo "1949"]
[BlackElo "2117"]
[PlyCount "85"]
[EventDate "2005.10.10"]
[EventType "swiss"]
[EventRounds "9"]
[EventCountry "CRO"]
[SourceTitle "CBM 108 Extra"]
[Source "ChessBase"]
[SourceDate "2005.11.04"]
[SourceVersion "1"]
[SourceVersionDate "2005.11.04"]
[SourceQuality "1"]

1. d4 Nf6 2. Nf3 e6 3. c4 b6 4. Nc3 Bb4 5. Qc2 Bb7 6. a3 Bxc3+ 7. Qxc3 Ne4 8. Qc2 f5 9. e3 d6 10. Bd3 Nd7 11. b3 0-0 12. 0-0 Ndf6 13. Nd2 Nxd2 14. Bxd2 Ne4 15. f3 Nxd2 16. Qxd2 Qh4 17. Qe1 Qf6 18. Rd1 c5 19. Bc2 Rad8 20. e4 cxd4 21. exf5 e5 22. Be4 d5 23. cxd5 Bxd5 24. Bxd5+ Rxd5 25. f4 Re8 26. Qe4 Rdd8 27. Rd3 Qd6 28. b4 exf4 29. Qxf4 Re3 30. Qxd6 Rxd6 31. Rfd1 Re4 32. Kf2 Rf4+ 33. Rf3 Rxf3+ 34. Kxf3 Kf7 35. Ke4 Kf6 36. g4 Kg5 37. h3 Kh4 38. Rxd4 Rc6 39. Rd7 h6 40. Rxg7 Kxh3 41. Rg6 Rc3 42. f6 Rc4+ 43. Kf5 1-0

[Event "Omis op"]
[Site "Omis"]
[Date "2005.10.10"]
[Round "1"]
[White "Bogacov, Alexei"]
[Black "Zaja, Ivan"]
[Result "0-1"]
[WhiteElo "2117"]
[BlackElo "2466"]
[PlyCount "52"]
[EventDate "2005.10.10"]
[EventType "swiss"]
[EventRounds "9"]
[EventCountry "CRO"]
[SourceTitle "CBM 108 Extra"]
[Source "ChessBase"]
[SourceDate "2005.11.04"]
[SourceVersion "1"]
[SourceVersionDate "2005.11.04"]
[SourceQuality "1"]

1. e4 e5 2. Nf3 Nc6 3. d4 exd4 4. Nxd4 Nf6 5. Nxc6 bxc6 6. e5 Qe7 7. Qe2 Nd5 8. c4 Nb6 9. Nc3 Bb7 10. Bf4 Qe6 11. Qe4 Bb4 12. Bd2 0-0-0 13. 0-0-0 c5 14. Qf4 g5 15. Qxg5 Nxc4 16. a3 Rhg8 17. Qf4 Nxd2 18. Qxd2 Ba5 19. f4 d6 20. exd6 Rxd6 21. Qf2 Bxc3 22. bxc3 Rxd1+ 23. Kxd1 Qb3+ 24. Qc2 Rd8+ 25. Kc1 Qxa3+ 26. Kb1 Rd6 0-1

[Event "Miskolc Avas op 7th"]
[Site "Miskolc"]
[Date "2002.07.27"]
[Round "6"]
[White "Dobai, Szabolcs"]
[Black "Bogacov, Alexei"]
[Result "1-0"]
[WhiteElo "2098"]
[BlackElo "2182"]
[PlyCount "97"]
[EventDate "2002.07.??"]
[EventType "swiss"]
[EventRounds "7"]
[EventCountry "HUN"]
[SourceTitle "EXT 2004"]
[Source "ChessBase"]
[SourceDate "2003.11.25"]
[SourceVersion "1"]
[SourceVersionDate "2003.11.25"]
[SourceQuality "1"]

1. d4 Nf6 2. c4 e5 3. dxe5 Ng4 4. Nf3 Bc5 5. e3 Nc6 6. Be2 Ngxe5 7. a3 a5 8. Nc3 0-0 9. 0-0 Nxf3+ 10. Bxf3 Ne5 11. Be2 Re8 12. b3 Ra6 13. Nd5 Rd6 14. Qc2 c6 15. Nc3 Ba7 16. f4 Ng6 17. c5 Bxc5 18. Ne4 Bxe3+ 19. Bxe3 Rde6 20. Bd3 f5 21. Bd4 Rxe4 22. Bxe4 Rxe4 23. Qd2 d5 24. Rae1 Be6 25. Rxe4 dxe4 26. Qc3 Qc7 27. g3 Nf8 28. b4 axb4 29. axb4 Bd5 30. Ra1 Ne6 31. Ra8+ Kf7 32. Be3 Qd7 33. Qe5 Nc7 34. Rh8 Nb5 35. Bc5 Kg6 36. h4 Bc4 37. Qe8+ Qxe8 38. Rxe8 Nc3 39. Rf8 Nd1 40. Rd8 Nc3 41. Rd7 Ba6 42. h5+ Kxh5 43. Rxg7 Ne2+ 44. Kf2 h6 45. g4+ fxg4 46. f5 Kh4 47. f6 Bc4 48. f7 g3+ 49. Ke3 1-0

[Event "Miskolc Avas op 7th"]
[Site "Miskolc"]
[Date "2002.07.25"]
[Round "3"]
[White "Bogacov, Alexei"]
[Black "Kiss, Sandor"]
[Result "0-1"]
[WhiteElo "2182"]
[BlackElo "2075"]
[PlyCount "70"]
[EventDate "2002.07.??"]
[EventType "swiss"]
[EventRounds "7"]
[EventCountry "HUN"]
[SourceTitle "EXT 2004"]
[Source "ChessBase"]
[SourceDate "2003.11.25"]
[SourceVersion "1"]
[SourceVersionDate "2003.11.25"]
[SourceQuality "1"]

1. e4 d6 2. d4 Nf6 3. Nc3 g6 4. Be2 Bg7 5. h4 c5 6. Nf3 0-0 7. Qd3 cxd4 8. Nxd4 Nc6 9. Be3 Ne5 10. Qd2 Neg4 11. 0-0-0 Nxe3 12. Qxe3 Ng4 13. Bxg4 Bxg4 14. f3 Bd7 15. g4 Rc8 16. h5 e6 17. hxg6 hxg6 18. f4 Qb6 19. f5 Rc4 20. Qh3 Rfc8 21. fxe6 Rxd4 22. Rxd4 Bxe6 23. Rd3 Bc4 24. g5 Rc7 25. Rf3 d5 26. b3 d4 27. Nd5 Bxd5 28. exd5 Qd6 29. Qh7+ Kf8 30. Rhf1 d3 31. Rxd3 Qe5 32. Rfd1 Qb2+ 33. Kd2 Rxc2+ 34. Ke3 Qe5+ 35. Kf3 Qf5+ 0-1

[Event "Miskolc Avas op 7th"]
[Site "Miskolc"]
[Date "2002.07.25"]
[Round "2"]
[White "Merenyi, Gabor"]
[Black "Bogacov, Alexei"]
[Result "1/2-1/2"]
[WhiteElo "2078"]
[BlackElo "2182"]
[PlyCount "115"]
[EventDate "2002.07.??"]
[EventType "swiss"]
[EventRounds "7"]
[EventCountry "HUN"]
[SourceTitle "EXT 2004"]
[Source "ChessBase"]
[SourceDate "2003.11.25"]
[SourceVersion "1"]
[SourceVersionDate "2003.11.25"]
[SourceQuality "1"]

1. e4 Nf6 2. e5 Nd5 3. c4 Nb6 4. d4 d6 5. exd6 cxd6 6. Nc3 g6 7. Be3 Bg7 8. Nf3 Nc6 9. Rc1 Bg4 10. b3 Bxf3 11. Qxf3 Nxd4 12. Qxb7 0-0 13. Bxd4 Bxd4 14. Qe4 Bg7 15. h4 Nd7 16. Qc2 h5 17. Be2 Qa5 18. Kf1 Nf6 19. Rd1 Qe5 20. Bf3 Rae8 21. Rh3 Qc5 22. Rg3 e6 23. Qd2 Rd8 24. Qd3 Rd7 25. Rg5 Qb6 26. g4 hxg4 27. Bxg4 Nh7 28. Rb5 Qd8 29. h5 a6 30. hxg6 axb5 31. gxh7+ Kh8 32. Nxb5 f5 33. Bf3 Be5 34. c5 d5 35. Re1 Qb8 36. Nd4 Bxd4 37. Qxd4+ Kxh7 38. Rxe6 Qh2 39. c6 Rg7 40. Qxd5 Qg1+ 41. Ke2 Qb1 42. Qd2 Rf6 43. Re8 Ra7 44. a4 Qxb3 45. Bd5 Qxa4 46. Qb2 Qg4+ 47. Kd2 Qf4+ 48. Ke1 Qd6 49. Qd4 Re7+ 50. Rxe7+ Qxe7+ 51. Kd2 Rd6 52. Kd3 Kg6 53. Kc4 Rd8 54. Qd3 Qh4+ 55. Qd4 Qe7 56. Qd3 Qh4+ 57. Qd4 Qe7 58. Qd3 1/2-1/2

[Event "Dunajska Streda op"]
[Site "Dunajska Streda"]
[Date "1998.??.??"]
[Round "?"]
[White "Bogacov, Alexei"]
[Black "Pakosta, Stanislav"]
[Result "0-1"]
[WhiteElo "2030"]
[BlackElo "2205"]
[PlyCount "116"]
[EventDate "1998.??.??"]
[EventType "swiss"]
[EventRounds "9"]
[EventCountry "SVK"]
[SourceTitle "EXT 2003"]
[Source "ChessBase"]
[SourceDate "2002.11.25"]
[SourceVersion "1"]
[SourceVersionDate "2002.11.25"]
[SourceQuality "1"]

1. e4 e6 2. d4 g6 3. f4 Ne7 4. Nf3 Bg7 5. c3 d6 6. Be3 b6 7. Bd3 Bb7 8. 0-0 Nd7 9. f5 exf5 10. exf5 Nf6 11. Qd2 Qd7 12. Na3 0-0-0 13. Nc2 Nxf5 14. Bxf5 Qxf5 15. Ng5 Qd7 16. a4 h6 17. Nf3 Rde8 18. c4 Ne4 19. Qd3 d5 20. a5 dxc4 21. Qxc4 Qd5 22. Qxd5 Bxd5 23. axb6 axb6 24. Nb4 Bb7 25. Rfc1 g5 26. Ne5 Bxe5 27. dxe5 c5 28. Nd3 Rd8 29. Ra3 Rd5 30. b4 Rhd8 31. Nf2 Nxf2 32. Kxf2 Rxe5 33. bxc5 bxc5 34. Rac3 Kd7 35. Rd1+ Rd5 36. Rxd5+ Bxd5 37. Rxc5 Ke6 38. Rc2 Ra8 39. Rb2 Kf5 40. Rd2 Ra5 41. h4 f6 42. hxg5 hxg5 43. Bd4 Be4 44. Bc3 Ra3 45. Bb2 Rb3 46. Re2 Bd3 47. Rd2 Be4 48. Bd4 g4 49. Re2 g3+ 50. Ke1 Bd5 51. Kd2 Ra3 52. Bb2 Rb3 53. Bc3 Rb6 54. Bd4 Ra6 55. Bb2 Kg4 56. Re7 f5 57. Ke3 f4+ 58. Kd4 Bxg2 0-1